Statistiques concernant Quiz voiture:Marques de 4x4 #2

Cliquez ici pour prendre le quiz!

Statistiques générales

  • Ce quiz a été pris 81 fois
  • Le résultat moyen est 14 sur 16

Statistiques - réponses

Réponse% Correct
Citroen
98%
Peugeot
98%
Renault
98%
Tesla
98%
Hyundai
95%
Kia
95%
Volvo
95%
Maserati
94%
Mazda
94%
Dodge
92%
Hummer
92%
Volkswagen
92%
Skoda
91%
Cadillac
85%
Isuzu
54%
Ssangyong
31%

Distribution des résultats

Percentile par nombre de réponses

% des personnes avec chaque résultat

Votre développement - résultats

Vous n’avez pas pris ce quiz